|
|
|
|
| LEADER |
00926nab#a2200313#ar4500 |
| 001 |
000001913 |
| 003 |
SVKKK |
| 005 |
00000000000000.0 |
| 008 |
c xo e sloo |
| FMT |
|
|
|
| 038 |
|
|
|a SVKKK
|
| 040 |
|
|
|a SVKKK
|b slo
|e AACR2
|
| 041 |
0 |
|
|a slo
|b eng
|
| 044 |
|
|
|a xo
|c SK
|
| 080 |
|
|
|a 549.6
|2 1981
|
| 100 |
1 |
|
|a Nagyová, Stanislava
|4 aut
|
| 245 |
1 |
0 |
|a Štúdium vplyvu etyléndiamínu na nameranú 1H NMR rezonančnú čiaru klinoptilolitu z Nižného Hrabovca
|c Nagyová Stanislava,
|
| 300 |
|
|
|b Obr., tab.,
|
| 504 |
|
|
|a Res. angl., lit.
|
| 650 |
0 |
4 |
|a klinoptilolit
|z Nižný Hrabovec
|x etyléndiamín
|x pôsobenie
|x vplyv
|x metódy
|x analýzy
|x štúdie
|
| 773 |
0 |
|
|t Acta Montanistica Slovaca
|x 1335-1788
|g Roč. 6, č. 3(2001), s. 221-224
|
| 957 |
|
|
|a Nižný Hrabovec
|
| 958 |
|
|
|a REG
|
| 958 |
|
|
|a VT
|
| 974 |
|
|
|d 020520
|a Čr
|
| 992 |
|
|
|a RBX
|
| BAS |
|
|
|
| 852 |
|
|
|a SVKKK
|b BIB
|
| 998 |
|
|
|a GEO
|